logo

Bir Sreshtho Munshi Abdur Rouf Library
Jhenaidah Cadet College

Modern college algebra / (Record no. 5659)

MARC details
000 -LEADER
fixed length control field 00614cam a2200229u 4500
001 - CONTROL NUMBER
JCCL Control Number 5659
003 - CONTROL NUMBER IDENTIFIER
JCCL marc code BD-JhCC
005 - DATE AND TIME OF LATEST TRANSACTION
control field 20180305105316.0
008 - FIXED-LENGTH DATA ELEMENTS--GENERAL INFORMATION
fixed length control field 810115s1965 xx 000 0 spa
035 ## - SYSTEM CONTROL NUMBER
system control number (BD-JhCC)5659
040 ## - CATALOGING SOURCE
Original cataloging agency DLC
Transcribing agency CarP
Modifying agency DLC
-- BD-JhCC
041 ## - LANGUAGE CODE
Language code of Book eng
050 00 - LIBRARY OF CONGRESS CALL NUMBER
Classification number QA154
Item number .V187
082 ## - DEWEY DECIMAL CLASSIFICATION NUMBER
Classification number 512
Author mark and Year VEN 1964
100 1# - MAIN ENTRY--PERSONAL NAME
Personal name Vance, Elbridge Putnam,
Dates associated with a name 1915- [from old catalog]
245 10 - TITLE STATEMENT
Title Modern college algebra /
Statement of responsibility, etc Elbridge P. Vance
260 ## - PUBLICATION, DISTRIBUTION, ETC. (IMPRINT)
Place of publication, distribution, etc Reading,
Name of publisher, distributor, etc Mass., Addison-Wesley Pub. Co.
Date of publication, distribution, etc [1965]
300 ## - PHYSICAL DESCRIPTION
Pagination 260 p.
Dimensions 21 cm.
650 #0 - SUBJECT ADDED ENTRY--TOPICAL TERM
Topical term or geographic name as entry element Algebra.
942 ## - ADDED ENTRY ELEMENTS (KOHA)
Source of classification or shelving scheme Dewey Decimal Classification
Koha item type Books
Holdings
Source of classification or shelving scheme Damaged status Not for loan Home library Current library Shelving location Total Checkouts Full call number Barcode Date last seen Copy number Koha item type
Dewey Decimal Classification     JCC Rouf Library JCC Rouf Library General Stacks   512 VEN 1964 7533 12/19/2017 C - 1 Books

JCC Library | Contacts | JCC Home

Last Update on 23 September 2017
Copyright @ 2017-2020 JCC Rouf Library
Rouf Library, Jhenidah Cadet College (JCC), Bangladesh